<?xml version="1.0" encoding="UTF-8"?>
<collection xmlns="http://www.loc.gov/MARC21/slim">
 <record>
  <leader>02506nam a22003615a 4500</leader>
  <controlfield tag="001">EUN.eunm009220</controlfield>
  <controlfield tag="008">230925s2023####ag############000#0#spa#d</controlfield>
  <controlfield tag="005">20240809093049.0</controlfield>
  <datafield tag="245" ind1="0" ind2="0">
   <subfield code="a">Bibliotecas /</subfield>
   <subfield code="c">Katya Adaui  [et al.].</subfield>
  </datafield>
  <datafield tag="250" ind1=" " ind2=" ">
   <subfield code="a">1a. ed.</subfield>
  </datafield>
  <datafield tag="260" ind1=" " ind2=" ">
   <subfield code="a">Ciudad Autónoma de Buenos Aires :</subfield>
   <subfield code="b">Godot,</subfield>
   <subfield code="c">2023.</subfield>
  </datafield>
  <datafield tag="300" ind1=" " ind2=" ">
   <subfield code="a">136 p. ;</subfield>
   <subfield code="c">20 cm.</subfield>
  </datafield>
  <datafield tag="520" ind1=" " ind2=" ">
   <subfield code="a">&quot;¿Qué define una biblioteca? ¿Hay algo que podamos decir que 'es' una biblioteca? ¿Un mueble? ¿Una cantidad de libros determinada? Con este libro nos vamos a dar cuenta de que no hay una definición única. Están quienes fusionan sus bibliotecas al casarse y quienes, al irse a convivir con otra persona, prefieren mantenerlas separadas. También hay bibliotecas 'inmateriales': libros leídos pero no acumulados, desperdigados por el universo. Y por qué no, bibliotecas separadas: una en Buenos Aires y otra en Rosario. ¿Obsesión por el orden, clasificación de las obras por género? ¿Libros que se prestan?&quot;--Contratapa.</subfield>
  </datafield>
  <datafield tag="505" ind1="0" ind2=" ">
   <subfield code="a">Palabras que quiero usar alguna vez / Katya Adaui -- Biblioteca deformada / Selva Almada -- Nuestra biblioteca / Jazmina Barrera -- Mi biblioteca de hoy y la Lisboa del mañana / Jorge Carrión -- Los libros que viven con uno / Luis Chitarroni -- Cierto tipo de desorden / María Sonia Cristoff -- Los libros más interesantes del mundo / Mercedes Halfon -- Separación / Martín Kohan -- Los libros gordos, los libros flacos y los libros medianos / Brenda Lozano -- El orden del caos / Carla Maliandi -- El trilobite humillado / Emiliano Monge -- Una biblioteca / Dolores Reyes -- Mi biblioteca fantasma / Edgardo Scott -- ¿Cuántos libros me quedan por leer? / Reynaldo Sietecase.</subfield>
  </datafield>
  <datafield tag="020" ind1=" " ind2=" ">
   <subfield code="a">9789878928470</subfield>
  </datafield>
  <datafield tag="700" ind1="1" ind2=" ">
   <subfield code="a">Adaui Sicheri, Katya,</subfield>
   <subfield code="d">1977-</subfield>
   <subfield code="4">aut</subfield>
  </datafield>
  <datafield tag="700" ind1="1" ind2=" ">
   <subfield code="a">Almada, Selva,</subfield>
   <subfield code="d">1973-</subfield>
   <subfield code="4">aut</subfield>
  </datafield>
  <datafield tag="700" ind1="1" ind2=" ">
   <subfield code="a">Barrera Velázquez, Jazmina,</subfield>
   <subfield code="d">1988-</subfield>
   <subfield code="4">aut</subfield>
  </datafield>
  <datafield tag="700" ind1="1" ind2=" ">
   <subfield code="a">Carrión, Jorge.</subfield>
   <subfield code="4">aut</subfield>
  </datafield>
  <datafield tag="700" ind1="1" ind2=" ">
   <subfield code="a">Chitarroni, Luis,</subfield>
   <subfield code="d">1958-2023.</subfield>
   <subfield code="4">aut</subfield>
  </datafield>
  <datafield tag="700" ind1="1" ind2=" ">
   <subfield code="a">Cristoff, María Sonia,</subfield>
   <subfield code="d">1965-</subfield>
   <subfield code="4">aut</subfield>
  </datafield>
  <datafield tag="700" ind1="1" ind2=" ">
   <subfield code="a">Halfon, Mercedes,</subfield>
   <subfield code="d">1980-</subfield>
   <subfield code="4">aut</subfield>
  </datafield>
  <datafield tag="700" ind1="1" ind2=" ">
   <subfield code="a">Kohan, Martín,</subfield>
   <subfield code="d">1967-</subfield>
   <subfield code="4">aut</subfield>
  </datafield>
  <datafield tag="700" ind1="1" ind2=" ">
   <subfield code="a">Lozano, Brenda,</subfield>
   <subfield code="d">1981-</subfield>
   <subfield code="4">aut</subfield>
  </datafield>
  <datafield tag="700" ind1="1" ind2=" ">
   <subfield code="a">Maliandi, Carla,</subfield>
   <subfield code="d">1976-</subfield>
   <subfield code="4">aut</subfield>
  </datafield>
  <datafield tag="700" ind1="1" ind2=" ">
   <subfield code="a">Monge, Emiliano,</subfield>
   <subfield code="d">1978-</subfield>
   <subfield code="4">aut</subfield>
  </datafield>
  <datafield tag="700" ind1="1" ind2=" ">
   <subfield code="a">Reyes, Dolores,</subfield>
   <subfield code="d">1978-</subfield>
   <subfield code="4">aut</subfield>
  </datafield>
  <datafield tag="700" ind1="1" ind2=" ">
   <subfield code="a">Scott, Edgardo,</subfield>
   <subfield code="d">1978-</subfield>
   <subfield code="4">aut</subfield>
  </datafield>
  <datafield tag="700" ind1="1" ind2=" ">
   <subfield code="a">Sietecase, Reynaldo,</subfield>
   <subfield code="d">1961-</subfield>
   <subfield code="4">aut</subfield>
  </datafield>
  <datafield tag="082" ind1="0" ind2="4">
   <subfield code="a">027</subfield>
   <subfield code="2">21</subfield>
  </datafield>
  <datafield tag="650" ind1="1" ind2="7">
   <subfield code="a">Bibliotecas.</subfield>
   <subfield code="2">unbist</subfield>
  </datafield>
  <datafield tag="655" ind1=" " ind2="4">
   <subfield code="a">Ensayo.</subfield>
  </datafield>
  <datafield tag="859" ind1=" " ind2=" ">
   <subfield code="a">AR-BaUNS</subfield>
   <subfield code="b">BIB. CENTRAL - Sector A</subfield>
   <subfield code="h">027</subfield>
   <subfield code="i">B471-3</subfield>
   <subfield code="p">128713/023</subfield>
  </datafield>
 </record>
</collection>
